Elements of partial differential equations / (Record no. 52080)

MARC details
000 -LEADER
fixed length control field 00522nam a2200181Ia 4500
005 - DATE AND TIME OF LATEST TRANSACTION
control field 20260429112040.0
008 - FIXED-LENGTH DATA ELEMENTS--GENERAL INFORMATION
fixed length control field 260429s9999||||xx |||||||||||||| ||und||
020 ## - INTERNATIONAL STANDARD BOOK NUMBER
International Standard Book Number 9788199237940
041 ## - LANGUAGE CODE
Language English
082 ## - DEWEY DECIMAL CLASSIFICATION NUMBER
Classification number 515.353
Item number SNE
100 ## - MAIN ENTRY--PERSONAL NAME
Personal name Sneddon, Ian N.
245 #0 - TITLE STATEMENT
Title Elements of partial differential equations /
Statement of responsibility, etc Ian N. Sneddon
260 ## - PUBLICATION, DISTRIBUTION, ETC. (IMPRINT)
Place of publication, distribution, etc Delhi :
Name of publisher, distributor, etc Academic Publication,
Date of publication, distribution, etc 2026.
300 ## - PHYSICAL DESCRIPTION
Extent vii, 327 p.; pbk
650 ## - SUBJECT ADDED ENTRY--TOPICAL TERM
Topical term or geographic name as entry element Applied mathematics
650 ## - SUBJECT ADDED ENTRY--TOPICAL TERM
Topical term or geographic name as entry element Partial differential equations
942 ## - ADDED ENTRY ELEMENTS (KOHA)
Koha item type Text Books
Holdings
Withdrawn status Lost status Damaged status Not for loan Collection code Home library Location Shelving location Date of Cataloging Source of acquisition Total Checkouts Full call number Barcode Date last seen Price effective from Koha item type
        Non-fiction CUTN Central Library CUTN Central Library Sciences 29/04/2026 Kiran Book Service, New Delhi - Invoice No. IN-00113 on 09-02-2026   515.353 SNE 57155 29/04/2026 29/04/2026 Text Books